000 01226nam a2200229 4500
003 OSt
005 20211029145838.0
008 s2006 cc fre u
020 _a2890007537
020 _a9782890007536
040 _aLB-BrCRDP
082 1 _a372.35
_bPAR.
100 1 _aParker, Steve
245 1 0 _aX24 Sciences lumière
_bProjets et expériences avec la lumière et les couleurs
_cSteve Parker
260 _aOttawa
_bBroquet
_c2006
300 _a31 p.
_c27*22 cm.
490 0 _aSciences
520 _aLa lumière propose des principes scientifiques simples aux jeunes esprits curieux, par des expériences passionnantes qu'ils prendront plaisir à réaliser. Chaque projet démontre un concept différent et s'appuie sur des exemples concrets et une explication du phénomène. D'autres idées pour approfondir la recherche sont suggérées au jeune scientifique pour l'encourager à enrichir encore davantage ses connaissances. Découvre... l'infinité des couleurs de la lumière, comment la lumière peut dévier, le pouvoir d'agrandissement des lentilles et miroirs.
650 _aLa lumière -- Principes scientifiques
942 _cBK
_2ddc
999 _c5980
_d5980